000
00282 a2200121 4500
001
72805
082
_a
530 SEA
090
_c
38850
_d
38850
100
_a
Sears, F W
245
_a
University Physics (4th Edition)
_h
English
260
_a
London
_b
Addison Wesley
_c
1970
300
_a
680p
942
_a
NUST-CAE
_k
530 SEA
999
_c
307878
_d
307878